| 000 | 00756nam a22002297a 4500 | ||
|---|---|---|---|
| 001 | 71108 | ||
| 003 | BD-RjUL | ||
| 005 | 20211209082058.0 | ||
| 008 | 260417s1976 bg ||||| |||| 00| 0 ben d | ||
| 020 | _c: TK 04.00 | ||
| 035 | _a(BD-RjUL)71323 | ||
| 040 |
_aBD-RjUL _bben _cBD-RjUL |
||
| 041 | _aben | ||
| 082 |
_223 _a306.44 _bHOV 1976 |
||
| 100 | 1 |
_aহক, আবদুল _9210385 |
|
| 245 | 1 | 0 |
_aভাষা- আন্দোলনের আদিপর্ব / _cআবদুল হক |
| 260 |
_aবাংলাদেশ : _bমুক্তধারা, _c১৯৭৬ |
||
| 300 |
_a৫৫ পৃ. ; _c২১ সেমি. |
||
| 650 |
_aভাষা আন্দোলন _9210479 |
||
| 650 |
_aLaguage movement _9210480 |
||
| 942 |
_2ddc _cBK |
||
| 999 |
_c71108 _d71108 |
||